00763 2200277 4500001002100000005001500021035002000036245005600056100003700112250001000149300003100159006001800190007000300208008004100211264003900252336002100291337003000312338002300342082001000365084001600375650000900391020002200400504002900422990001700451990001700468INLIS00000000000614820260419121412 a0010-03220003921 aKenapa Guru Harus Kreatif? /cAndi Yudha Asfandiyar0 aAndi Yudha AsfandiyarePengarang acet.2 a180 hal. :bilus. ;c19 cma ta260419 0  aBandung :bPT Mizan Pustaka,c2009 2rdacontentaTeks 2rdamediaaTanpa Perantara 2rdacarrieravolume a371.1 a371.1 AND k 4aGuru a978-979-752-625-9 aBibliografi, hlm 175-178 a9994/Br/KAPD a9993/Br/KAPD